Statistiche per Partiti politici italiani - XV Legislatura

Clicka qui per fare il quiz!

Statistiche generali

  • Questo quiz è stato fatto 3 volte
  • Il punteggio medio è 6 su 19

Statistiche sulle risposte

Seggi CameraSeggi SenatoCollocazionePartito politico% Corretto
7141DestraAlleanza Nazionale
100%
14080Centro-destraForza Italia
100%
40Centro / Centro-destraDemocrazia Cristiana - Partito Socialista
67%
2614Centro / Centro-destraLega Nord - Movimento per le Autonomie
67%
22665Centro-sinistraL'Ulivo
67%
4127SinistraRifondazione Comunista
67%
150Centro-sinistra / SinistraFederazione dei Verdi
33%
011SinistraInsieme con l'Unione
33%
043Centro / Centro-sinistraLa Margherita
33%
43CentroSüdtiroler Volkspartei
33%
3921Centro-destraUnione di Centro
33%
11TrasversalismoAssociazioni Italiane in Sud America
0%
11Centro-sinistraAutonomie Liberté Démocratie
0%
160SinistraComunisti Italiani
0%
174CentroItalia dei Valori
0%
01Centro / Centro-sinistraLista Consumatori
0%
10DestraPer l'Italia nel Mondo con Tremaglia
0%
103CentroPopolari UDEUR
0%
180Centro-sinistraRosa nel Pugno
0%

Distribuzione punteggi

Percentile per numero di risposta

Percentuale di utenti per punteggio

I tuoi punteggi nel tempo

Non hai fatto questo quiz